[Event "Mumbai Wealth op U13"]
[Site "Mumbai"]
[Date "2016.01.30"]
[Round "3"]
[White "Gupta, Eshaan"]
[Black "Kannan, Pranav"]
[Result "1-0"]
[WhiteElo "1098"]
[BlackElo "1313"]
[PlyCount "99"]
[EventDate "2016.01.28"]
[EventType "swiss"]
[EventRounds "9"]
[EventCountry "IND"]
[SourceTitle "CBM 170 Extra"]
[Source "ChessBase"]
[SourceDate "2016.02.25"]
[SourceVersion "1"]
[SourceVersionDate "2016.02.25"]
[SourceQuality "1"]

1. e4 d5 2. exd5 Qxd5 3. Nc3 Qa5 4. d4 Nf6 5. Nf3 c6 6. Bc4 Bg4 7. h3 Bh5 8. 0-0 e6 9. Bf4 Bb4 10. Bd2 Qc7 11. Be2 Nbd7 12. Nh2 Bg6 13. Bf3 0-0 14. Ng4 Rfd8 15. Ne2 Bd6 16. Nxf6+ Nxf6 17. Bg5 Be7 18. c3 e5 19. Bxf6 Bxf6 20. d5 cxd5 21. Bxd5 Qc5 22. c4 b5 23. Qb3 bxc4 24. Bxc4 Rab8 25. Qc3 Rdc8 26. Rac1 Kf8 27. b3 e4 28. Qe3 Qa3 29. Ng3 Qe7 30. Rce1 Bg5 31. Qe2 f5 32. f3 Bh4 33. Kh2 f4 34. Nxe4 Bxe1 35. Rxe1 Bxe4 36. Qxe4 Qg5 37. Qe6 Rxc4 38. bxc4 Qg3+ 39. Kh1 Qg6 40. Qxg6 hxg6 41. Re6 Kf7 42. Ra6 Rc8 43. Rxa7+ Kf6 44. a4 Rxc4 45. a5 Ra4 46. a6 Kg5 47. Ra8 Kh4 48. Kh2 Kg5 49. a7 Ra6 50. h4+ 1-0